Statistiques concernant Pays avec le plus fort taux de suicide

Cliquez ici pour prendre le quiz!

Statistiques générales

  • Ce quiz a été pris 119 fois
  • Le résultat moyen est 10 sur 20

Statistiques - réponses

Suicides (pour 100 000 hab)Pays% Correct
16,2France
91%
24,4Japon
89%
30,1Russie
85%
33,3Corée du Sud
81%
17,6Belgique
62%
22,6Ukraine
61%
18,8Finlande
57%
35,1Biélorussie
53%
15,2Pologne
53%
19,8Slovénie
52%
19,5Serbie
49%
15,6Autriche
48%
21,5Hongrie
48%
30,7Lituanie
48%
18,0Croatie
47%
19,9Lettonie
46%
15,7Moldavie
40%
21,6Sri Lanka
14%
15,1Uruguay
12%
22,9Guyana
8%

Distribution des résultats

Percentile par nombre de réponses

% des personnes avec chaque résultat

Votre développement - résultats

Vous n’avez pas pris ce quiz